Máximos goleadores de la UEFA Champions League por año (2010 - act.) - Estadísticas

Estadísticas generales
  • Esta prueba ha sido intentada 114 veces
  • La puntuación promedio es 65 de 80
Estadísticas de respuestas
Equipo Jugador % Correcto
7 Real Madrid Cristiano Ronaldo
99%
10 Real Madrid Cristiano Ronaldo
99%
12 Real Madrid Cristiano Ronaldo
99%
17 Real Madrid Cristiano Ronaldo
99%
10 Real Madrid Cristiano Ronaldo
99%
16 Real Madrid Cristiano Ronaldo
99%
12 Real Madrid Cristiano Ronaldo
99%
15 Real Madrid Cristiano Ronaldo
99%
6 Juventus Cristiano Ronaldo
99%
10 B. Dortmund / Salzburgo Erling Haaland
99%
10 Borussia Dortmund Erling Haaland
99%
12 Manchester City Erling Haaland
99%
6 Manchester City Erling Haaland
99%
6 Real Madrid Karim Benzema
99%
7 Real Madrid Karim Benzema
99%
6 Real Madrid Karim Benzema
99%
15 Real Madrid Karim Benzema
99%
8 Barcelona Lionel Messi
99%
12 Barcelona Lionel Messi
99%
14 Barcelona Lionel Messi
99%
8 Barcelona Lionel Messi
99%
8 Barcelona Lionel Messi
99%
10 Barcelona Lionel Messi
99%
11 Barcelona Lionel Messi
99%
12 Barcelona Lionel Messi
99%
10 Liverpool Mohamed Salah
98%
8 Liverpool Mohamed Salah
98%
8 Liverpool Mohamed Salah
98%
10 Borussia Dortmund Robert Lewandowski
97%
9 Bayern Múnich Robert Lewandowski
97%
8 Bayern Múnich Robert Lewandowski
97%
8 Bayern Múnich Robert Lewandowski
97%
15 Bayern Múnich Robert Lewandowski
97%
13 Bayern Múnich Robert Lewandowski
97%
11 Barcelona Robert Lewandowski
97%
8 Bayern Múnich Harry Kane
96%
11 Bayern Múnich Harry Kane
96%
7 Real Madrid Vinícius Jr.
95%
6 Real Madrid Vinícius Jr.
95%
8 PSG Kylian Mbappé
93%
7 PSG Kylian Mbappé
93%
8 PSG Kylian Mbappé
93%
7 Barcelona Luis Suárez
93%
8 Barcelona Luis Suárez
93%
10 Barcelona Neymar
93%
7 Atlético de Madrid Antoine Griezmann
92%
6 Atlético de Madrid Antoine Griezmann
92%
13 Barcelona Raphinha
92%
9 Inter Lautaro Martínez
90%
10 Liverpool Sadio Mané
89%
8 Bayern Múnich Thomas Müller
88%
8 Bayern Múnich Thomas Müller
88%
6 Chelsea Didier Drogba
85%
6 Manchester City Sergio Agüero
85%
10 PSG Zlatan Ibrahimovic
82%
10 Liverpool Roberto Firmino
80%
13 Borussia Dortmund Serhou Guirassy
80%
5 Manchester United Wayne Rooney
80%
8 PSG Édinson Cavani
77%
6 Real Madrid Gareth Bale
76%
8 Atlético de Madrid Diego Costa
72%
6 Inter Diego Milito
70%
8 Inter Samuel Eto'o
67%
8 Roma Edin Dzeko
62%
7 Borussia Dortmund Aubameyang
57%
8 Bayern Múnich Mario Gómez
57%
12 Bayern Múnich Mario Gómez
57%
9 Bayern Múnich Serge Gnabry
55%
6 Ajax Dusan Tadic
54%
6 Juventus Álvaro Morata
45%
6 Manchester City Gabriel Jesus
45%
7 Manchester City Riyad Mahrez
39%
6 Olympique Lyon Memphis Depay
36%
11 Ajax Sébastien Haller
32%
6 Benfica Joao Mário
27%
6 Chelsea Olivier Giroud
26%
9 Shakhtar Donetsk Luiz Adriano
22%
7 Chelsea Nicolas Anelka
13%
7 Bayern Múnich Ivica Olic
12%
8 Galatasaray Burak Yilmaz
10%
No se encontraron pruebas coincidentes
Distribución de puntuación
Porcentaje de gente con cada puntuación
Porcentaje por número respondido
Historial de tus puntuaciones
No has intentado esta prueba.